00238nam a22000857a 4500008004100000100001700041245004700058260003700105300001000142240530b |||||||| |||| 00| 0 eng d aOnkar, Shard aAmar Hindi ke Himalya Nirala Smerti Granth aPrayagbBhartiya Prishad;c1968. a549p.